000 01480cam a22004454a 4500
001 muse77231
003 MdBmJHUP
005 20210127151522.0
006 m o d
007 cr||||||||nn|n
008 781010s1979 azu o 00 0 eng d
010 _z 78023693
020 _a9780816540341
020 _z0816506752
020 _z0816506256 (pbk.)
020 _z9780816506750
035 _a(OCoLC)1143822201
040 _aMdBmJHUP
_cMdBmJHUP
043 _an-us---
050 0 4 _aE184.M5
_bC47
082 0 _a301.45/16/872073
245 0 4 _aThe Chicanos
_bAs We See Ourselves /
_cArnulfo D. Trejo, editor ; Fausto AvendaƱo ... [et al.].
264 1 _bUniversity of Arizona Press,
264 3 _bProject MUSE,
300 _a1 online resource (xviii, 221 p.) :
_bill. ;
504 _aIncludes bibliographies and index.
506 0 _aOpen Access
_fUnrestricted online access
_2star
588 _aDescription based on print version record.
650 0 _aMexican Americans
_xEthnic identity.
655 7 _aElectronic books.
_2local
700 1 _aAvendaƱo, Fausto.
700 1 _aTrejo, Arnulfo D.
710 2 _aProject Muse.
_edistributor
830 0 _aBook collections on Project MUSE.
856 4 0 _zFull text available:
_uhttps://muse.jhu.edu/book/73681/
999 _c26037
_d26037